| 000 | 01370nam a22002777a 4500 | ||
|---|---|---|---|
| 001 | 1481 | ||
| 005 | 20250506155954.0 | ||
| 020 | _a9789995054533 | ||
| 040 |
_aFISKH _beng _cFISKH _dFISKH |
||
| 082 | _a618.2 | ||
| 100 | _aPoree, Anne-Laure | ||
| 245 | _aការថែទាំផ្ទៃពោះ / | ||
| 250 | _aបោះពុម្ពលើកទី ៥ មករា ២០២៣ | ||
| 260 |
_aPhnom Penh : _bSipar, _c2023. |
||
| 300 |
_a52 pages : _bcolor illustrations ; _c29 cm |
||
| 490 | _aបំណិនជីវិត | ||
| 505 | _aZ' | ||
| 520 | _aនិយាអំពីការបង្កកំណើត ការថែទាំខ្លួន និងទារកក្នុងផ្ទៃ ការលូតលាស់ទារកក្នុងផ្ទៃ ការសម្រាលកូន និងការថែទាំទារកក្រោយពេលសម្រាល។ | ||
| 520 | _aTalk about fertilization, personal and fetal care, fetal growth, childbirth, and postpartum care. | ||
| 521 |
_a1120
_bLexile estimate |
||
| 521 |
_aZ'
_bRaz-Plus |
||
| 650 |
_aការថែទាំខ្លួន _vការលូតលាស់ _xការសម្រាលកូន |
||
| 650 |
_aFetal care _vFetal growth _xChildbirth |
||
| 700 |
_aSophaleap, Nhoek _cillustrator |
||
| 942 |
_2ddc _cKHB _n0 |
||
| 999 |
_c1481 _d1481 |
||